00221 a2200097 450000100060000008200200000610000260002624500160005226000460006830000090011463582 a327.1705193 FLP aForeign Languages Pub aKim Il Sung aKoreabForeign Languages Publishingc1969 a271p